| 000 | 00667nam a2200217Ia 4500 | ||
|---|---|---|---|
| 003 | OSt | ||
| 005 | 20230811141540.0 | ||
| 008 | 210423s2019 xx 000 0 und d | ||
| 020 | _a978-81-89301-44-6 | ||
| 040 | _cAL | ||
| 041 | _aeng | ||
| 082 |
_a574.502 _223 _bTYAT |
||
| 100 |
_aTYAGI (Anil);SINGH (Virendra) _983589 |
||
| 245 | _aTruemans CBSE UGC NET SET JRF environmental science: paper II | ||
| 260 |
_aNew Delhi _bDanika publishing company _c2019 |
||
| 300 |
_aviii,780 _bPB |
||
| 365 |
_b475 _cINR |
||
| 650 |
_aEnvironmental Problems _983590 |
||
| 906 | _aCBSE ; environmental ; JRF ; NET ; paper ; science: ; SET ; Truemans ; UGC | ||
| 942 |
_2ddc _cBK |
||
| 999 |
_c169177 _d169177 |
||